[Event " Campeonato de Aragon por Equipos Play offs Ascenso y Descenso"]
[Site ""]
[Date "2018.01.27"]
[Round "1.1.1"]
[White "Melendez Fierro, Juan Bautista"]
[Black "Cid Royo, Jonathan"]
[Result "0-1"]
[WhiteElo "2117"]
[BlackElo "2244"]
[PlyCount "0"]
[WhiteTeam "El Olivar B"]
[BlackTeam "L'Aurora Estadilla"]
[EventDate "2018.01.27"]

1. e4 c5 2. Nc3 d6 3. g3 Nc6 4. Bg2 g6 5. d3 Bg7 6. f4 e6 7. Nf3 Nge7 8. O-O
O-O 9. Be3 Rb8 10. d4 cxd4 11. Nxd4 a6 12. Qd2 Nxd4 13. Bxd4 b5 14. Rad1 Bxd4+
15. Qxd4 Qb6 16. Ne2 e5 17. Qxb6 Rxb6 18. Rd2 Be6 19. Rfd1 Rc8 20. fxe5 dxe5
21. Rd8+ Rxd8 22. Rxd8+ Kg7 23. a3 b4 24. axb4 Rxb4 25. b3 Rb5 26. Kf2 Rc5 27.
c4 Rc6 28. Rb8 Rd6 29. Ke3 Rd1 30. Nc3 Rg1 31. Bf3 Nc6 32. Rb6 Nd4 33. Bd1 h5
34. Rxa6 h4 35. gxh4 Rg2 36. Ra2 Rg1 37. Rd2 f5 38. Kf2 Rh1 39. Kg2 Re1 40.
exf5 gxf5 41. Kf2 Rh1 42. Kg2 Re1 43. Ne2 Rxd1 44. Rxd1 Nxe2 45. Kf2 Nd4 46.
Rb1 f4 47. c5 e4 48. b4 e3+ 49. Ke1 f3 0-1

[Event " Campeonato de Aragon por Equipos Play offs Ascenso y Descenso"]
[Site ""]
[Date "2018.01.27"]
[Round "1.1.2"]
[White "Cid Royo, Oscar"]
[Black "Veras Sanz, Marino"]
[Result "1-0"]
[WhiteElo "2001"]
[BlackElo "2090"]
[PlyCount "0"]
[WhiteTeam "L'Aurora Estadilla"]
[BlackTeam "El Olivar B"]
[EventDate "2018.01.27"]

1. d4 Nf6 2. Bf4 c5 3. c3 b6 4. e3 g6 5. Nf3 Bg7 6. Qb3 O-O 7. dxc5 Ba6 8. cxb6
axb6 9. Bxa6 Nxa6 10. Nbd2 Nc5 11. Qc2 d6 12. O-O Nh5 13. Bg5 h6 14. Bh4 g5 15.
Bg3 Nxg3 16. hxg3 Qd7 17. Nb3 Na4 18. Rfd1 Rfc8 19. Nbd4 b5 20. Qd2 Rc5 21.
Rac1 Rac8 22. e4 Qb7 23. Re1 b4 24. cxb4 Rxc1 25. Rxc1 Rxc1+ 26. Qxc1 Qxb4 27.
Qc8+ Kh7 28. Qf5+ Kg8 29. Nc6 Qb7 30. Nd8 e6 31. Nxb7 exf5 32. Nxd6 fxe4 33.
Nxe4 Bxb2 34. g4 Nc3 35. Nxc3 Bxc3 36. Kf1 Kg7 37. Ke2 Kg6 38. Kd3 Ba5 39. Ne5+
Kf6 40. Ke4 Ke6 41. Nc4 Be1 42. f3 Bb4 43. a4 Bc5 44. a5 f6 45. a6 h5 46. gxh5
f5+ 47. Kd3 f4 48. Ke4 Kf6 49. Ne5 Kg7 50. Ng4 1-0

[Event " Campeonato de Aragon por Equipos Play offs Ascenso y Descenso"]
[Site ""]
[Date "2018.01.27"]
[Round "1.1.3"]
[White "Gracia Campo, Carlos Alberto"]
[Black "Pellicer Cerezuela, Miguel"]
[Result "1/2-1/2"]
[WhiteElo "2058"]
[BlackElo "2000"]
[PlyCount "0"]
[WhiteTeam "El Olivar B"]
[BlackTeam "L'Aurora Estadilla"]
[EventDate "2018.01.27"]

1. e4 e6 2. d4 d5 3. exd5 exd5 4. c4 Nf6 5. Bg5 Be7 6. Nf3 O-O 7. Bd3 Bg4 8.
Nbd2 Nc6 9. Qa4 dxc4 10. Bxc4 Nd7 11. Be3 Nb6 12. Qc2 Bf6 13. Bd3 Bxd4 14. Nxd4
Nxd4 15. Bxh7+ Kh8 16. Qe4 f5 17. Bxf5 Nxf5 18. Qxg4 Nxe3 19. fxe3 Rf6 20. Ke2
Qe7 21. Rhf1 Re8 22. Rf3 Rxf3 23. Qxf3 Rd8 24. Rd1 c6 25. Ne4 Rxd1 26. Kxd1 Nd5
27. Ke2 Kg8 28. Qg4 Qe5 29. Qc8+ Kh7 30. Qh3+ Kg8 31. Qc8+ Kh7 32. Qh3+ Kg8
1/2-1/2

[Event " Campeonato de Aragon por Equipos Play offs Ascenso y Descenso"]
[Site ""]
[Date "2018.01.27"]
[Round "1.1.4"]
[White "Felez Casedas, Carlos"]
[Black "Requena Munguira, Jorge"]
[Result "0-1"]
[WhiteElo "1998"]
[BlackElo "1907"]
[PlyCount "0"]
[WhiteTeam "L'Aurora Estadilla"]
[BlackTeam "El Olivar B"]
[EventDate "2018.01.27"]

1. d4 d5 2. Nf3 Nf6 3. Bf4 g6 4. e3 Bg7 5. c4 c6 6. Nc3 Nbd7 7. h3 O-O 8. Be2
dxc4 9. Bxc4 h6 10. Ne5 Nxe5 11. dxe5 Nh7 12. Qc2 Bf5 13. e4 Be6 14. Bxe6 fxe6
15. Bg3 Qb6 16. O-O Ng5 17. Qe2 Kh7 18. Kh1 Rad8 19. f4 Nf7 20. Bf2 Qc7 21. Qg4
Qc8 22. Bc5 Rfe8 23. Rad1 b6 24. Be3 c5 25. h4 h5 26. Qe2 Nh6 27. Rxd8 Rxd8 28.
Rd1 Ng4 29. Rxd8 Qxd8 30. Qd2 Qxd2 31. Bxd2 Bh6 32. Kg1 Nxe5 33. Nb5 Nd3 34.
Nxa7 Nxb2 35. e5 Nc4 36. Bc3 Bxf4 37. Nc8 b5 38. Nxe7 b4 39. Be1 Nxe5 40. Bf2
Nd3 41. Nc6 c4 42. Nd4 e5 43. Nc2 Kg7 44. g3 Bd2 45. Bb6 Nc1 46. Kf2 Nxa2 47.
Ke2 c3 48. Na1 Nc1+ 0-1

[Event " Campeonato de Aragon por Equipos Play offs Ascenso y Descenso"]
[Site ""]
[Date "2018.01.27"]
[Round "1.3.1"]
[White "Planas Torrea, Francisco Javie"]
[Black "Maza Broto, Pablo"]
[Result "1-0"]
[WhiteElo "2029"]
[BlackElo "2076"]
[PlyCount "0"]
[WhiteTeam "Ejea"]
[BlackTeam "Jaime Casas B"]
[EventDate "2018.01.27"]

1. e4 c5 2. Nf3 e6 3. d4 cxd4 4. Nxd4 Nf6 5. Bd3 Nc6 6. Nxc6 bxc6 7. O-O d5 8.
Nd2 Be7 9. c4 O-O 10. Qc2 a6 (10... h6 11. b3 e5 12. exd5 cxd5 13. cxd5 Nxd5
14. Bc4 Bb7 15. Ne4 Nb4 16. Qb1 Qd4 17. Ng3 Bc5 18. Bxh6 Qg4 19. Be3 Bxe3 20.
fxe3 Nd5 21. Bxd5 Bxd5 22. Qf5 Qxf5 23. Nxf5 Be4 24. Nd6 Bd3 25. Rfc1 Rfd8 26.
Nb7 Rd5 27. Rc5 Rd7 28. Rd1 e4 29. Na5 Re8 30. Nc6 Re6 31. Ne5 Rd8 32. Ng4 Ra6
33. Rd2 Rad6 34. Nf2 Bb1 35. Rxd6 Rxd6 36. Rc1 Bxa2 37. Nxe4 Re6 38. Rc8+ Kh7
39. Ng5+) 11. b3 e5 12. exd5 cxd5 13. cxd5 Nxd5 14. Bc4 Bb7 15. Ne4 Nb4 16. Qb1
Qd4 17. Ng3 Bc5 18. Be3 1-0

[Event " Campeonato de Aragon por Equipos Play offs Ascenso y Descenso"]
[Site ""]
[Date "2018.01.27"]
[Round "1.3.3"]
[White "Marcellan Peire, Jesus Eduardo"]
[Black "Salas Latorre, Jose"]
[Result "1-0"]
[WhiteElo "1934"]
[BlackElo "1769"]
[PlyCount "0"]
[WhiteTeam "Ejea"]
[BlackTeam "Jaime Casas B"]
[EventDate "2018.01.27"]


1. Nf3 d5 2. g3 Nf6 3. Bg2 e6 4. O-O Nbd7 5. d4 Bd6 6. Bg5 O-O 7. Nc3 h6 8. Bd2
c6 9. Re1 e5 10. dxe5 Nxe5 11. Qc1 Bf5 12. Nd4 Bg6 13. a4 a5 14. Nf3 Nc4 15. b3
Nxd2 16. Nxd2 Bb4 17. Na2 Bc5 18. c4 Qb6 19. e3 d4 20. e4 d3 21. Rf1 Ng4 22.
Qe1 Rfe8 23. h3 Nf6 24. Nc3 Re6 25. Kh1 Rae8 26. f4 Bh7 27. f5 Re5 28. g4 Bd6
29. Qg3 Rd8 30. Qf3 Bb4 31. Rac1 Qd4 32. Ncb1 Qb2 33. Qd1 Re7 34. Bf3 Nd7 35.
h4 Ne5 36. Bg2 Nxg4 37. Qxg4 Bxd2 38. f6 g5 39. fxe7 Re8 40. Qd7 Rxe7 41. Qxe7
Bg6 42. Nxd2 Qxd2 43. hxg5 hxg5 44. Rcd1 Qe3 45. Qd8+ 1-0

[Event " Campeonato de Aragon por Equipos Play offs Ascenso y Descenso"]
[Site ""]
[Date "2018.01.27"]
[Round "1.3.4"]
[White "Buil Rello, Jose Antonio"]
[Black "Merin Flores, Miguel Angel"]
[Result "1/2-1/2"]
[WhiteElo "1761"]
[BlackElo "1737"]
[PlyCount "0"]
[WhiteTeam "Jaime Casas B"]
[BlackTeam "Ejea"]
[EventDate "2018.01.27"]

1. e4 d6 2. d4 Nd7 3. c4 e5 4. Be3 Ngf6 5. f3 Be7 6. Bd3 O-O 7. Ne2 Re8 8. Nbc3
Nf8 9. Qc2 exd4 10. Nxd4 Ng6 11. O-O Ne5 12. Be2 Bf8 13. b3 Bd7 14. Rac1 c6 15.
Rfd1 a6 16. a4 h6 17. Ra1 Qc8 18. a5 Kh7 19. Na4 Qd8 20. Nb6 Rb8 21. Rac1 c5
22. Nxd7 Qxd7 23. Nf5 Rbd8 24. Qc3 Qc7 25. Bf4 g6 26. Ng3 Bg7 27. Qe1 Nfd7 28.
Rd5 Nf6 29. Rdd1 Nfd7 30. b4 cxb4 31. Qxb4 Nc5 32. Be3 Rc8 33. Qa3 Qe7 34. Rd5
h5 35. Rcd1 h4 36. Nh1 Red8 37. Nf2 f6 38. Qb4 Bf8 39. Rb1 Rd7 40. Rbd1 Qd8 41.
Qa3 Rc6 42. f4 Nf7 43. Bg4 Rdc7 44. Be2 Qe7 45. Bf3 1/2-1/2

[Event "Cto Aragon por Equipos Play  Off"]
[Site "?"]
[Date "2018.03.24"]
[Round "9.16"]
[White "Baquedano Coarasa, Pablo"]
[Black "Campo Pelegrin, Ramon"]
[Result "1-0"]
[WhiteElo "2156"]
[BlackElo "1779"]
[PlyCount "35"]
[EventDate "2018.??.??"]
[WhiteTeam "Palacio de Pioneros"]
[BlackTeam "Enroque S.M.A."]

1. d4 d5 2. c4 e6 3. Nc3 Nf6 4. cxd5 exd5 5. Bg5 Be7 6. e3 Nbd7 7. Bd3 O-O 8.
Nf3 c6 9. O-O Qc7 10. Qc2 a6 11. Bxh7+ Nxh7 12. Bxe7 Re8 13. Bh4 Ndf6 14. Ne5
g6 15. Rac1 Bf5 16. Qe2 Qc8 17. h3 Ne4 18. Nxd5 1-0